书目信息 |
| 题名: |
改变命运的30种习惯
|
|
| 作者: | 郭腾尹 著 | |
| 分册: | 下 | |
| 出版信息: | 北京 中国盲文出版社 2009.11 |
|
| 页数: | ||
| 开本: | 38cm | |
| 丛书名: | ||
| 单 册: | ||
| 中图分类: | B842.6-49 , B842.6 | |
| 科图分类: | ||
| 主题词: | 习惯--培养--通俗读物--盲文 | |
| 电子资源: | ||
| ISBN: | 978-7-5002-2983-4 | |
| 000 | 00674nam0 2200229 450 | |
| 001 | 1553103007 | |
| 005 | 20150207145200.76 | |
| 010 | @a978-7-5002-2983-4@dCNY40.00 | |
| 100 | @a20120113d2009 em y0chiy0110 ea | |
| 101 | 0 | @a盲文 |
| 102 | @aCN@b110000 | |
| 105 | @ay z 000yy | |
| 200 | 1 | @a改变命运的30种习惯@9gai bian ming yun de 3 0 zhong xi guan@h下@f郭腾尹著 |
| 210 | @a北京@c中国盲文出版社@d2009.11 | |
| 215 | @d38cm | |
| 330 | @a本书介绍了30种习惯对个人发展的影响。 | |
| 606 | 0 | @a习惯@x培养@x通俗读物@x盲文 |
| 690 | @aB842.6-49@v5 | |
| 690 | @aB842.6@v4 | |
| 701 | 0 | @a郭腾尹@9guo teng yin@4著 |
| 801 | 0 | @aCN@bTSSF@c20150207 |
| 905 | @aZUCC@dB842.6@eJY24:2 | |
| 改变命运的30种习惯.下/郭腾尹著.-北京:中国盲文出版社,2009.11 |
| 38cm |
| ISBN 978-7-5002-2983-4:CNY40.00 |
| 本书介绍了30种习惯对个人发展的影响。 |
| ● |
| 相关链接 |
|
|
|
|
正题名:改变命运的30种习惯
索取号:B842.6/JY24:2
 
预约/预借
| 序号 | 登录号 | 条形码 | 馆藏地/架位号 | 状态 | 备注 |
| 1 | 7857464 | 278574641 | 学院路分馆/ [索取号:B842.6/JY24:2] | 在馆 |